Bakalárske a magisterské štúdium učiteľských študijných odborov a profesijná spôsobilosť učiteľov
Východiskové princípy výstavby učiteľského vzdelávania. Všeobecné chápanie bakalárskeho štúdia. Chápanie bakalárskeho štúdia v pedagogických študijných odboroch a ich väzba na magisterské štúdium Konverzné magisterské štúdium v učiteľských študijných odboroch. Základné zmeny v nadväznosti na prax.
Gespeichert in:
| 1. Verfasser: | |
|---|---|
| Weitere Verfasser: | |
| Format: | Buchkapitel |
| Sprache: | Slowakisch |
| Schlagworte: | |
| Tags: |
Keine Tags, Fügen Sie das erste Tag hinzu!
|
MARC
| LEADER | 00000naa$a2200000$$$4500 | ||
|---|---|---|---|
| 001 | 0024170 | ||
| 005 | 20231013112910.6 | ||
| 041 | 0 | |a slo | |
| 044 | |a SK | ||
| 245 | 1 | 0 | |a Bakalárske a magisterské štúdium učiteľských študijných odborov a profesijná spôsobilosť učiteľov |c Beata Kosová, Branislav Pupala |
| 520 | |a Východiskové princípy výstavby učiteľského vzdelávania. Všeobecné chápanie bakalárskeho štúdia. Chápanie bakalárskeho štúdia v pedagogických študijných odboroch a ich väzba na magisterské štúdium Konverzné magisterské štúdium v učiteľských študijných odboroch. Základné zmeny v nadväznosti na prax. | ||
| 610 | 2 | 0 | |a pedagogika |
| 610 | 2 | 0 | |a profesiografia |
| 610 | 2 | 0 | |a učitelia |
| 610 | 2 | 0 | |a štúdium bakalárske |
| 610 | 2 | 0 | |a štúdium magisterské |
| 610 | 2 | 0 | |a odbory študijné |
| 610 | 2 | 0 | |a spôsobilosť k práci |
| 100 | 1 | |a Kosová, Beata | |
| 700 | 1 | |a Pupala, Branislav | |